Les pays producteurs de bananes dans le monde - Statistiques

Statistiques générales
  • Ce quiz a été pris 91 fois
  • Le résultat moyen est 10 sur 16
Statistiques - réponses
Pays % Correct
Brésil
97%
Mexique
84%
Chine
81%
Colombie
81%
Inde
78%
Indonésie
77%
Costa Rica
65%
Vietnam
65%
Equateur
63%
Thaïlande
62%
Guatemala
53%
Philippines
47%
Angola
42%
Tanzanie
35%
Egypte
27%
Burundi
11%
Aucun quiz correspondant
Distribution des résultats
% des personnes avec chaque résultat
Percentile par nombre de réponses
Votre historique - résultats
Vous n’avez pas pris ce quiz